000 00372cam a22001217a 4500
008 180718b1989 xxu||||| |||| 00| 0 eng d
082 _aT000x85 In8p
245 _aPeru: Policies to stop hyperinflation and initiate economic recovery
260 _aWashington, D.C.
_bIBRD
_c1989
300 _a272p.
440 _aA World Bank Country Study
650 _aPeru - Economic Policy
999 _c224695
_d224695